Normal view
MARC view
Entry Topical Term
001 - CONTROL NUMBER
- control field: 51583
003 - CONTROL NUMBER IDENTIFIER
- control field: ARRUPE
005 - DATE AND TIME OF LATEST TRANSACTION
- control field: 20220517082820.0
008 - FIXED-LENGTH DATA ELEMENTS
- fixed length control field: 220517|| aca||aabn | a|a d
040 ## - CATALOGING SOURCE
- Original cataloging agency: ARRUPE
- Transcribing agency: ARRUPE
150 ## - HEADING--TOPICAL TERM
- Topical term following geographic name as entry element: Zimbabwe--Constitutions
670 ## - SOURCE DATA FOUND
- Source citation: Work cat.: (ARRUPE)61185: The Columbia history of the world, 1972